[Event "29th olm final"]
[Site "Novi Sad"]
[Date "1990.11.17"]
[Round "1.1"]
[White "Hansen, Curt"]
[Black "Ljubojevic, Ljubomir"]
[Result "1/2-1/2"]
[WhiteElo "2560"]
[BlackElo "2600"]
[EventDate "1990.11.16"]
[WhiteTeam "Denmark"]
[BlackTeam "Yugoslavia 1"]
[PlyCount "99"]

1.c4 e5 2.Nc3 Nf6 3.Nf3 Nc6 4.g3 d5 5.cxd5 Nxd5 6.Bg2 Nb6 7.a3 Be6 8.d3
Nd4 9.Nd2 Qc8 10.e3 Nc6 11.Nf3 Bh3 12.O-O Bxg2 13.Kxg2 Qd7 14.b4 a6 15.Bb2
Rd8 16.b5 axb5 17.Nxb5 Be7 18.a4 O-O 19.Bxe5 Nxe5 20.Nxe5 Qd5+ 21.Nf3 c6
22.Nd4 Bf6 23.Rb1 Bxd4 24.exd4 Qa5 25.Qb3 Nd5 26.Rfe1 Rd7 27.Ne5 Rc7 28.
Nc4 Qa7 29.Nb6 Nxb6 30.Qxb6 Qxb6 31.Rxb6 Ra8 32.Rb4 Rd7 33.Reb1 Kf8 34.Kf3
Ra7 35.Ke3 Ke8 36.Rc1 Re7+ 37.Kf3 Kd7 38.Rc5 Kd6 39.g4 Re1 40.Rf5 f6 41.h4
Ra1 42.a5 Kc7 43.d5 Ra3 44.Ke3 R3xa5 45.d6+ Kxd6 46.Rxa5 Rxa5 47.Rxb7 Re5+
48.Kd4 c5+ 49.Kc4 Re2 50.Rxg7 1/2-1/2

[Event "29th olm final"]
[Site "Novi Sad"]
[Date "1990.11.17"]
[Round "1.3"]
[White "Berg, Klaus"]
[Black "Kozul, Zdenko"]
[Result "0-1"]
[WhiteElo "2445"]
[BlackElo "2560"]
[EventDate "1990.11.16"]
[WhiteTeam "Denmark"]
[BlackTeam "Yugoslavia 1"]
[PlyCount "115"]

1.d4 Nf6 2.c3 g6 3.Bg5 Bg7 4.Nd2 d5 5.e3 O-O 6.Bd3 Nbd7 7.f4 c5 8.Ngf3 Qb6
9.Qc2 c4 10.Be2 Ng4 11.Nf1 Qe6 12.Qc1 b5 13.h3 Ngf6 14.Ng3 Ne8 15.O-O f6
16.Bh4 Qb6 17.e4 dxe4 18.Nxe4 Bb7 19.Qc2 Bd5 20.Bf2 Qc6 21.Nc5 Nd6 22.Nxd7
Qxd7 23.Nh2 Rab8 24.Bf3 e6 25.Be1 a5 26.a3 Qc6 27.Ng4 Nf5 28.Bd2 Ng3 29.
Rf2 f5 30.Ne3 Bh6 31.Nxd5 exd5 32.Kh2 Ne4 33.Rff1 Rfe8 34.g3 Bf8 35.Rfe1
b4 36.axb4 axb4 37.Bxe4 fxe4 38.cxb4 Bxb4 39.Bc3 Qb6 40.Re2 Ra8 41.Rxa8
Rxa8 42.Qd2 Bxc3 43.bxc3 Ra1 44.Re1 Rxe1 45.Qxe1 Qb2+ 46.Kg1 Qc2 47.Qe3
Kf7 48.g4 h5 49.Qg3 Qd1+ 50.Kf2 Qd2+ 51.Kf1 e3 52.Qf3 Kf6 53.g5+ Ke6 54.h4
Qd3+ 55.Kg2 e2 56.f5+ gxf5 57.Qxd3 cxd3 58.Kf2 0-1

[Event "29th olm final"]
[Site "Novi Sad"]
[Date "1990.11.17"]
[Round "1.4"]
[White "Damljanovic, Branko"]
[Black "Kristiansen, Jens"]
[Result "1-0"]
[WhiteElo "2515"]
[BlackElo "2445"]
[EventDate "1990.11.16"]
[WhiteTeam "Yugoslavia 1"]
[BlackTeam "Denmark"]
[PlyCount "49"]

1.Nf3 b6 2.g3 Bb7 3.Bg2 Nf6 4.c4 c5 5.O-O Nc6 6.b3 e6 7.Bb2 Be7 8.Nc3 O-O
9.e3 Rc8 10.Qe2 Re8 11.Rfd1 Qc7 12.Rac1 Qb8 13.d4 cxd4 14.exd4 d5 15.Ne5
dxc4 16.bxc4 Qa8 17.Nxc6 Bxc6 18.d5 Bb7 19.Bh3 Bc5 20.dxe6 fxe6 21.Rd3 Bc6
22.Bxe6+ Kh8 23.Nd5 Nxd5 24.cxd5 Bb5 25.Bxg7+ 1-0

[Event "29th olm final"]
[Site "Novi Sad"]
[Date "1990.11.18"]
[Round "2.1"]
[White "Hamdouchi, Hichem"]
[Black "Hansen, Curt"]
[Result "1/2-1/2"]
[WhiteElo "2390"]
[BlackElo "2560"]
[EventDate "1990.11.16"]
[WhiteTeam "Morocco"]
[BlackTeam "Denmark"]
[PlyCount "68"]

1.c4 e5 2.g3 d6 3.Bg2 g6 4.d4 Nd7 5.Nc3 Bg7 6.Nf3 Ngf6 7.O-O O-O 8.dxe5
dxe5 9.Qc2 c6 10.h3 Qe7 11.Be3 Nh5 12.Rad1 f5 13.Bg5 Qf7 14.b3 h6 15.Bc1
e4 16.Nd4 Ne5 17.Kh2 g5 18.f4 gxf4 19.Bxf4 Qg6 20.Rg1 Bd7 21.Bf1 Rad8 22.
e3 Kh8 23.Be2 Bc8 24.Rd2 Qe8 25.Qd1 Nf3+ 26.Bxf3 exf3 27.Nb1 f2 28.Rf1 b5
29.Rfxf2 bxc4 30.bxc4 Nxf4 31.exf4 c5 32.Nf3 Bb7 33.Ne5 Rxd2 34.Qxd2 Qe6
1/2-1/2

[Event "29th olm final"]
[Site "Novi Sad"]
[Date "1990.11.19"]
[Round "3.1"]
[White "Hansen, Lars Bo"]
[Black "Sheikh Harandi, Khosro"]
[Result "1-0"]
[WhiteElo "2500"]
[BlackElo "2425"]
[EventDate "1990.11.16"]
[WhiteTeam "Denmark"]
[BlackTeam "Iran"]
[PlyCount "103"]

1.Nf3 Nf6 2.c4 b6 3.g3 Bb7 4.Bg2 e6 5.O-O Be7 6.Nc3 O-O 7.d4 Ne4 8.Bd2 Bf6
9.Qc2 Nxd2 10.Qxd2 d6 11.e4 Nd7 12.Rad1 g6 13.Rfe1 Bg7 14.Qe3 e5 15.dxe5
Nxe5 16.Nxe5 Bxe5 17.f4 Bg7 18.e5 Bxg2 19.Kxg2 Re8 20.Qf3 Re6 21.Nb5 Rc8
22.exd6 Rxe1 23.Rxe1 cxd6 24.b3 Qd7 25.Rd1 Bf8 26.Nc3 Re8 27.Rd2 Qf5 28.
Re2 Rxe2+ 29.Qxe2 Qe6 30.Qxe6 fxe6 31.Nb5 a6 32.Nc7 Kf7 33.Nxa6 d5 34.Nc7
dxc4 35.bxc4 Bc5 36.Kf3 Ke7 37.Nb5 Kd7 38.Ke4 Bg1 39.h3 h5 40.Nd4 Bf2 41.
g4 hxg4 42.hxg4 Kd6 43.Nf3 Ke7 44.Ne5 g5 45.fxg5 Bg1 46.Nd3 Bh2 47.c5 bxc5
48.Nxc5 Bg1 49.Nd3 Bb6 50.a4 Ba5 51.Ne5 Be1 52.a5 1-0

[Event "29th olm final"]
[Site "Novi Sad"]
[Date "1990.11.20"]
[Round "4.1"]
[White "Motwani, Paul"]
[Black "Hansen, Curt"]
[Result "1/2-1/2"]
[WhiteElo "2425"]
[BlackElo "2560"]
[EventDate "1990.11.16"]
[WhiteTeam "Scotland"]
[BlackTeam "Denmark"]
[PlyCount "56"]

1.e4 c5 2.Nf3 d6 3.d4 cxd4 4.Nxd4 Nf6 5.Nc3 Nc6 6.g3 e6 7.Bg2 Bd7 8.Ndb5
Qb8 9.a4 Be7 10.O-O O-O 11.Be3 Ne5 12.Qe2 a6 13.Na3 Qc7 14.Rfd1 Rac8 15.h3
Bc6 16.f4 Ned7 17.g4 d5 18.e5 Ne8 19.Nab5 axb5 20.axb5 Nxe5 21.fxe5 Bd7
22.Bd4 Bc5 23.Qe3 b6 24.Bxc5 bxc5 25.Bxd5 exd5 26.Nxd5 Qd8 27.Ra7 Nc7 28.
b6 Nxd5 1/2-1/2

[Event "29th olm final"]
[Site "Novi Sad"]
[Date "1990.11.20"]
[Round "4.3"]
[White "Pritchett, Craig William"]
[Black "Mortensen, Erling"]
[Result "1/2-1/2"]
[WhiteElo "2355"]
[BlackElo "2485"]
[EventDate "1990.11.16"]
[WhiteTeam "Scotland"]
[BlackTeam "Denmark"]
[PlyCount "63"]

1.e4 c5 2.Nf3 e6 3.d4 cxd4 4.Nxd4 a6 5.Bd3 Nc6 6.Nxc6 bxc6 7.c4 Nf6 8.O-O
e5 9.Nc3 d6 10.Qe2 Be7 11.Rd1 O-O 12.c5 dxc5 13.Bc4 Qc7 14.Na4 Rd8 15.
Rxd8+ Qxd8 16.Bg5 h6 17.Bxf6 Bxf6 18.Rd1 Qa5 19.b3 Qc7 20.h3 a5 21.Nxc5
Be7 22.Na4 Ra7 23.Rd3 Bd7 24.Qh5 Be8 25.Rg3 Kf8 26.Qf5 Bf6 27.Rd3 Ra8 28.
Qf3 Be7 29.Qd1 g6 30.Qd2 Kg7 31.Qe3 Rb8 32.Qd2 1/2-1/2

[Event "29th olm final"]
[Site "Novi Sad"]
[Date "1990.11.20"]
[Round "4.4"]
[White "Kristiansen, Jens"]
[Black "Bryson, Douglas"]
[Result "1/2-1/2"]
[WhiteElo "2445"]
[BlackElo "2335"]
[EventDate "1990.11.16"]
[WhiteTeam "Denmark"]
[BlackTeam "Scotland"]
[PlyCount "73"]

1.e4 e5 2.Nf3 Nc6 3.Bb5 a6 4.Ba4 Nf6 5.O-O Be7 6.Re1 b5 7.Bb3 O-O 8.d4 d6
9.c3 Bg4 10.d5 Na5 11.Bc2 c6 12.dxc6 Qc7 13.Nbd2 Qxc6 14.Nf1 Nc4 15.Ng3 g6
16.h3 Bc8 17.b3 Nb6 18.Bh6 Rd8 19.Qd2 Ne8 20.Be3 Ng7 21.Bxb6 Qxb6 22.Nf1
Bb7 23.Ne3 Rac8 24.Rac1 Ne8 25.b4 Nf6 26.Ng4 Nxg4 27.hxg4 Qc7 28.Bb3 Qd7
29.g5 Qg4 30.Qe3 Rc7 31.Rcd1 Rdc8 32.Rd3 Kg7 33.Bd1 Qf4 34.Bb3 Qg4 35.Bd1
Qf4 36.Bb3 Qg4 37.Bd1 1/2-1/2

[Event "29th olm final"]
[Site "Novi Sad"]
[Date "1990.11.21"]
[Round "5.2"]
[White "Brestian, Egon"]
[Black "Hansen, Lars Bo"]
[Result "1/2-1/2"]
[WhiteElo "2470"]
[BlackElo "2500"]
[EventDate "1990.11.16"]
[WhiteTeam "Austria"]
[BlackTeam "Denmark"]
[PlyCount "38"]

1.c4 e5 2.g3 Nf6 3.Bg2 d5 4.cxd5 Nxd5 5.Nf3 Nc6 6.O-O Be7 7.d4 exd4 8.Nxd4
Nxd4 9.Qxd4 Nf6 10.Qxd8+ Bxd8 11.Nc3 O-O 12.Be3 c6 13.Rfd1 Be6 14.Bc5 Re8
15.b4 Bb6 16.Na4 Bc7 17.Nc3 a6 18.Bd4 Rad8 19.e3 Nd5 1/2-1/2

[Event "29th olm final"]
[Site "Novi Sad"]
[Date "1990.11.21"]
[Round "5.3"]
[White "Mortensen, Erling"]
[Black "Hoelzl, Franz"]
[Result "1-0"]
[WhiteElo "2485"]
[BlackElo "2415"]
[EventDate "1990.11.16"]
[WhiteTeam "Denmark"]
[BlackTeam "Austria"]
[PlyCount "133"]

1.e4 c5 2.Nf3 d6 3.d4 cxd4 4.Nxd4 Nf6 5.Nc3 a6 6.Bc4 e6 7.Bb3 Nbd7 8.f4
Nc5 9.f5 Be7 10.Qf3 O-O 11.O-O Qc7 12.Bg5 b5 13.a3 Nxb3 14.cxb3 h6 15.Be3
e5 16.Nde2 b4 17.axb4 Qb7 18.Ng3 Bd7 19.Nh5 Rfc8 20.Nxf6+ Bxf6 21.Nd5 Kf8
22.Bxh6 gxh6 23.Nxf6 Bc6 24.Rac1 Ke7 25.Rxc6 Rxc6 26.Nd5+ Kd7 27.h3 Rc2
28.Kh2 Qb5 29.Rf2 Rac8 30.Qe3 Qb7 31.Nb6+ Ke8 32.Nxc8 Qxc8 33.f6 Rxf2 34.
Qxf2 Qc1 35.h4 h5 36.Qf3 Qf4+ 37.Qxf4 exf4 38.g3 Kd7 39.gxf4 Ke6 40.Kg3
Kxf6 41.Kf3 Ke6 42.Ke3 f5 43.Kd4 fxe4 44.Kxe4 d5+ 45.Kd4 Kf5 46.Kxd5 Kxf4
47.Kc5 Kg4 48.Kb6 Kxh4 49.Kxa6 Kg4 50.b5 h4 51.b6 h3 52.b7 h2 53.b8=Q h1=Q
54.Qc8+ Kg3 55.Qc7+ Kg4 56.Qd7+ Kg3 57.Qd3+ Kf4 58.Qd4+ Kf5 59.b4 Qa8+ 60.
Kb5 Ke6 61.Kc4 Qc6+ 62.Kd3 Qa4 63.Kc3 Qa8 64.b5 Qa5+ 65.Kd3 Qxb5+ 66.Qc4+
Qd5+ 67.Kc3 1-0

[Event "29th olm final"]
[Site "Novi Sad"]
[Date "1990.11.21"]
[Round "5.4"]
[White "Wittmann, Walter"]
[Black "Berg, Klaus"]
[Result "1/2-1/2"]
[WhiteElo "2410"]
[BlackElo "2445"]
[EventDate "1990.11.16"]
[WhiteTeam "Austria"]
[BlackTeam "Denmark"]
[PlyCount "33"]

1.e4 c6 2.d4 d5 3.Nd2 dxe4 4.Nxe4 Nf6 5.Nxf6+ exf6 6.Bc4 Qe7+ 7.Qe2 Be6 8.
Bb3 a5 9.Nf3 a4 10.Bxe6 Qxe6 11.Qxe6+ fxe6 12.Bf4 Na6 13.Ke2 c5 14.dxc5
Bxc5 15.Rhd1 Ke7 16.c3 Rac8 17.Rac1 1/2-1/2

[Event "29th olm final"]
[Site "Novi Sad"]
[Date "1990.11.23"]
[Round "6.1"]
[White "Hansen, Curt"]
[Black "Milos, Gilberto"]
[Result "1-0"]
[WhiteElo "2560"]
[BlackElo "2540"]
[EventDate "1990.11.16"]
[WhiteTeam "Denmark"]
[BlackTeam "Brazil"]
[PlyCount "59"]

1.c4 Nf6 2.Nc3 c5 3.g3 d5 4.cxd5 Nxd5 5.Bg2 Nc7 6.Nf3 Nc6 7.O-O e5 8.a3 f6
9.e3 Be7 10.d4 cxd4 11.exd4 exd4 12.Ne2 Ne6 13.b4 O-O 14.Bb2 d3 15.Nc1 Bd7
16.Re1 Re8 17.Nxd3 Bf8 18.h4 Nc7 19.Qb3+ Kh8 20.h5 Be6 21.Qd1 Bc4 22.Nf4
Qxd1 23.Rexd1 Ne6 24.Nxe6 Bxe6 25.h6 Rad8 26.Rxd8 Rxd8 27.Re1 Bc8 28.b5
Na5 29.Rc1 Bd6 30.Ng5 1-0

[Event "29th olm final"]
[Site "Novi Sad"]
[Date "1990.11.23"]
[Round "6.2"]
[White "Sunye Neto, Jaime"]
[Black "Hansen, Lars Bo"]
[Result "1/2-1/2"]
[WhiteElo "2465"]
[BlackElo "2500"]
[EventDate "1990.11.16"]
[WhiteTeam "Brazil"]
[BlackTeam "Denmark"]
[PlyCount "69"]

1.c4 e5 2.g3 Nf6 3.Bg2 d5 4.cxd5 Nxd5 5.Nc3 Nb6 6.Nf3 Nc6 7.O-O Be7 8.a3
O-O 9.b4 Be6 10.Rb1 f6 11.d3 a5 12.b5 Nd4 13.Nd2 Bd5 14.Nxd5 Nxd5 15.Bb2
a4 16.Bxd4 exd4 17.Bxd5+ Qxd5 18.Qc1 Bc5 19.Qc4 c6 20.bxc6 bxc6 21.Ra1
Rfe8 22.Rfe1 Bb6 23.Qxd5+ cxd5 24.Ra2 Ba5 25.Kf1 Rab8 26.Rc1 Bc3 27.Nb1
Rb3 28.Nxc3 dxc3 29.d4 Reb8 30.Ke1 Kf7 31.Rac2 Rc8 32.Ra1 Rcb8 33.Rac1 Rc8
34.Ra1 Rcb8 35.Rac1 1/2-1/2

[Event "29th olm final"]
[Site "Novi Sad"]
[Date "1990.11.23"]
[Round "6.3"]
[White "Mortensen, Erling"]
[Black "Lima, Darcy"]
[Result "1/2-1/2"]
[WhiteElo "2485"]
[BlackElo "2440"]
[EventDate "1990.11.16"]
[WhiteTeam "Denmark"]
[BlackTeam "Brazil"]
[PlyCount "36"]

1.e4 e5 2.Nf3 Nf6 3.Nxe5 d6 4.Nf3 Nxe4 5.d4 d5 6.Bd3 Bd6 7.O-O O-O 8.c4 c6
9.Nc3 Nxc3 10.bxc3 Bg4 11.Rb1 dxc4 12.Bxc4 b5 13.Be2 Qc7 14.h3 Bh5 15.a4
a6 16.c4 bxc4 17.Bxc4 Nd7 18.Bd2 c5 1/2-1/2

[Event "29th olm final"]
[Site "Novi Sad"]
[Date "1990.11.23"]
[Round "6.4"]
[White "Van Riemsdijk, Herman Claudius"]
[Black "Berg, Klaus"]
[Result "1/2-1/2"]
[WhiteElo "2440"]
[BlackElo "2445"]
[EventDate "1990.11.16"]
[WhiteTeam "Brazil"]
[BlackTeam "Denmark"]
[PlyCount "93"]

1.e4 c6 2.c4 d5 3.exd5 cxd5 4.cxd5 Nf6 5.Nc3 Nxd5 6.d4 e6 7.Nf3 Nc6 8.Bd3
Bb4 9.Bd2 Be7 10.O-O O-O 11.Bb1 Bf6 12.Qc2 g6 13.Bh6 Bg7 14.Bxg7 Kxg7 15.
a3 Nce7 16.Ba2 b6 17.Nxd5 Nxd5 18.Qc6 Bd7 19.Qb7 Bb5 20.Rfe1 Rb8 21.Qxa7
Re8 22.Bxd5 Re7 23.Qxe7 Qxe7 24.Rac1 Rd8 25.Bc6 Bxc6 26.Rxc6 Rd6 27.Rec1
Rxc6 28.Rxc6 Qb7 29.Rc1 Qd5 30.h4 Qb3 31.Rc7 h6 32.Ne5 Qd1+ 33.Kh2 Qxd4
34.Rxf7+ Kg8 35.f4 g5 36.hxg5 hxg5 37.Rf6 gxf4 38.Rxe6 Qxb2 39.Nf3 Qf2 40.
Re4 Qg3+ 41.Kg1 Qg7 42.Rxf4 Qa1+ 43.Kh2 Qxa3 44.g3 b5 45.Nd4 Qb2+ 46.Kg1
b4 47.Kh1 1/2-1/2

[Event "29th olm final"]
[Site "Novi Sad"]
[Date "1990.11.24"]
[Round "7.2"]
[White "Hansen, Lars Bo"]
[Black "Hellers, Ferdinand"]
[Result "1/2-1/2"]
[WhiteElo "2500"]
[BlackElo "2520"]
[EventDate "1990.11.16"]
[WhiteTeam "Denmark"]
[BlackTeam "Sweden"]
[PlyCount "66"]

1.Nf3 Nf6 2.c4 c5 3.Nc3 Nc6 4.d4 cxd4 5.Nxd4 e6 6.a3 Bc5 7.Nb3 Be7 8.e4 b6
9.Be2 Ba6 10.Be3 O-O 11.f4 d6 12.O-O Rc8 13.Bd3 Nd7 14.Qd2 Nc5 15.Nxc5
bxc5 16.Rab1 Rb8 17.Ne2 Na5 18.Qc2 Nb3 19.Rf3 g6 20.f5 Bg5 21.Bxg5 Qxg5
22.Rd1 e5 23.f6 Rb6 24.Qc3 Rfb8 25.Qe1 Bc8 26.Nc3 Be6 27.Rf2 Nd4 28.Rdd2
h5 29.Kh1 Nb3 30.Rd1 Nd4 31.Rdd2 Nb3 32.Rd1 Na5 33.Na4 Ra6 1/2-1/2

[Event "29th olm final"]
[Site "Novi Sad"]
[Date "1990.11.24"]
[Round "7.3"]
[White "Cramling, Pia"]
[Black "Kristiansen, Jens"]
[Result "1-0"]
[WhiteElo "2505"]
[BlackElo "2445"]
[EventDate "1990.11.16"]
[WhiteTeam "Sweden"]
[BlackTeam "Denmark"]
[PlyCount "91"]

1.d4 f5 2.g3 Nf6 3.Bg2 e6 4.c4 Be7 5.Nf3 c6 6.O-O O-O 7.Nbd2 d5 8.Qc2 Qe8
9.Ne5 b6 10.Ndf3 Ne4 11.Nd3 Bb7 12.Nfe5 Nd7 13.f3 Nxe5 14.Nxe5 Nd6 15.b3
Nf7 16.Nd3 Bf6 17.Bb2 Rc8 18.e4 Qd7 19.exd5 exd5 20.Ne5 Nxe5 21.dxe5 Be7
22.Rad1 f4 23.Rfe1 Qe6 24.g4 Bc5+ 25.Kh1 Be3 26.Bf1 Kh8 27.Qg2 c5 28.cxd5
Bxd5 29.Bd3 Rcd8 30.Rf1 c4 31.Bf5 Qc6 32.Rxd5 Qxd5 33.Qh3 Rxf5 34.gxf5 Qd2
35.Ba3 c3 36.Qh4 Qd3 37.Qh3 c2 38.e6 Qxf1+ 39.Qxf1 Rd1 40.Kg2 Rxf1 41.e7
Rg1+ 42.Kh3 h6 43.e8=Q+ Kh7 44.Qe4 c1=Q 45.Bxc1 Rxc1 46.f6+ 1-0

[Event "29th olm final"]
[Site "Novi Sad"]
[Date "1990.11.24"]
[Round "7.4"]
[White "Brinck Claussen, Bjorn"]
[Black "Wedberg, Tom"]
[Result "1/2-1/2"]
[WhiteElo "2395"]
[BlackElo "2480"]
[EventDate "1990.11.16"]
[WhiteTeam "Denmark"]
[BlackTeam "Sweden"]
[PlyCount "73"]

1.e4 e5 2.Nf3 Nc6 3.Bb5 a6 4.Bxc6 dxc6 5.O-O Bd6 6.d4 exd4 7.Qxd4 f6 8.
Nbd2 Be6 9.Re1 Ne7 10.e5 fxe5 11.Nxe5 O-O 12.Ndf3 c5 13.Qh4 Nf5 14.Qe4 Qe8
15.Nd3 Rf6 16.Bg5 Rg6 17.h4 Nd4 18.Nxd4 cxd4 19.Qxd4 Qc6 20.Qc3 Qa4 21.Ne5
Bxe5 22.Qxe5 h6 23.Bf4 Qc6 24.Bg3 Bd5 25.Qc3 Bxg2 26.Qxc6 Bxc6 27.Rad1 Rf8
28.Re7 Rf4 29.Kh2 Re4 30.Rxc7 Rge6 31.Kh3 h5 32.Rd6 Rxd6 33.Bxd6 Re2 34.
Kg3 g6 35.Bf4 Rxc2 36.Be5 Kf8 37.Bf6 1/2-1/2

[Event "29th olm final"]
[Site "Novi Sad"]
[Date "1990.11.25"]
[Round "8.3"]
[White "Kovacevic, Vlatko"]
[Black "Kristiansen, Jens"]
[Result "1-0"]
[WhiteElo "2530"]
[BlackElo "2445"]
[EventDate "1990.11.16"]
[WhiteTeam "Yugoslavia 2"]
[BlackTeam "Denmark"]
[PlyCount "173"]

1.d4 f5 2.Bg5 g6 3.Nc3 d5 4.e3 Bg7 5.h4 c6 6.Bd3 Nf6 7.Bxf6 Bxf6 8.f4 e6
9.Nf3 c5 10.h5 Nc6 11.Bb5 Bd7 12.Qe2 Qa5 13.O-O-O O-O-O 14.Bxc6 Bxc6 15.
Ne5 Bxe5 16.fxe5 g5 17.a3 h6 18.Rhf1 Rhf8 19.Rf2 Kb8 20.Qd2 cxd4 21.Qxd4
Qc7 22.b3 Rc8 23.Kb2 Qg7 24.a4 Rf7 25.Na2 Rfc7 26.Nb4 Be8 27.Rh1 Rc3 28.
Na2 R3c5 29.c3 Qc7 30.g4 fxg4 31.Rf6 g3 32.Rxh6 Qf7 33.Rf6 g2 34.Rg1 Qxh5
35.Rxg2 Bg6 36.Qg4 Qxg4 37.Rxg4 Bf5 38.Rxg5 Rh8 39.Rg2 Rh3 40.Rf7 Rh7 41.
Rg8+ Rc8 42.Rxc8+ Kxc8 43.Rxh7 Bxh7 44.Nc1 b6 45.Ne2 Bf5 46.Nd4 Bh3 47.Kc2
Kd7 48.Kd2 Bg4 49.Nb5 a6 50.Nd4 Bh3 51.Ke2 Bg4+ 52.Kf2 Bh3 53.Kf3 Bf1 54.
e4 dxe4+ 55.Kxe4 a5 56.Kf4 Bd3 57.Kg5 Ke7 58.Kf4 Kd7 59.Ke3 Bf1 60.Kd2 Bg2
61.c4 Bh3 62.b4 axb4 63.Kc2 Kc7 64.Kb3 Kb7 65.Kxb4 Ka6 66.Nb3 Bg2 67.a5
bxa5+ 68.Nxa5 Kb6 69.Nb3 Bf1 70.Nd4 Bh3 71.c5+ Ka6 72.Kc4 Bf1+ 73.Kb4 Bh3
74.Nc2 Bg2 75.Ne3 Bf3 76.Nc4 Bd5 77.Nd6 Bc6 78.Nf7 Bd5 79.Nd8 Ba2 80.Nc6
Bd5 81.Nd4 Ba2 82.Nb5 Bb1 83.Nc7+ Kb7 84.Nxe6 Kc6 85.Nd4+ Kd5 86.c6 Bd3
87.Ka5 1-0

[Event "29th olm final"]
[Site "Novi Sad"]
[Date "1990.11.25"]
[Round "8.4"]
[White "Brinck Claussen, Bjorn"]
[Black "Lalic, Bogdan"]
[Result "0-1"]
[WhiteElo "2395"]
[BlackElo "2490"]
[EventDate "1990.11.16"]
[WhiteTeam "Denmark"]
[BlackTeam "Yugoslavia 2"]
[PlyCount "120"]

1.e4 e5 2.Nf3 Nc6 3.Bb5 a6 4.Bxc6 dxc6 5.O-O Qd6 6.d3 f6 7.Be3 Bg4 8.Nbd2
Ne7 9.Qb1 Ng6 10.d4 Be7 11.c3 O-O 12.h3 Bd7 13.Re1 Qe6 14.Qc2 a5 15.a3 Qf7
16.Qb3 Qxb3 17.Nxb3 Be6 18.Nbd2 Rfd8 19.dxe5 fxe5 20.Nf1 Rf8 21.Kh2 Nf4
22.Bxf4 Rxf4 23.Ng3 g6 24.Re2 Raf8 25.Rae1 Bd6 26.Rd2 Bb3 27.Nh1 h5 28.Ng1
g5 29.f3 g4 30.hxg4 hxg4 31.Nf2 gxf3 32.Nxf3 R8f6 33.Nh3 Rg4 34.Nfg1 Rh4
35.Nf3 Rh5 36.Re3 Bc4 37.Ng5 Rg6 38.Rg3 Rh4 39.Rf2 Kg7 40.Nf3 Rxe4 41.
Rxg6+ Kxg6 42.Nd2 Rg4 43.Nxc4 Rxc4 44.Re2 b5 45.Nf2 c5 46.Ne4 Kf5 47.Nd2
Rh4+ 48.Kg1 e4 49.Nf1 c4 50.g3 Bc5+ 51.Kg2 Rh6 52.Nd2 e3 53.Nf3 Ke4 54.Re1
Rf6 55.Nd2+ Kd3 56.Nf3 e2 57.g4 Ke3 58.Ng1 Rf2+ 59.Kg3 Bd6+ 60.Kh4 Kd2 0-1

[Event "29th olm final"]
[Site "Novi Sad"]
[Date "1990.11.26"]
[Round "9.1"]
[White "Hansen, Curt"]
[Black "Afifi, Assem"]
[Result "1/2-1/2"]
[WhiteElo "2560"]
[BlackElo "2400"]
[EventDate "1990.11.16"]
[WhiteTeam "Denmark"]
[BlackTeam "Egypt"]
[PlyCount "126"]

1.d4 g6 2.c4 Bg7 3.Nf3 f5 4.Nc3 Nf6 5.g3 O-O 6.Bg2 d6 7.O-O Qe8 8.d5 e5 9.
dxe6 Qxe6 10.Qb3 c6 11.e4 Nxe4 12.Nxe4 fxe4 13.Ng5 Qe7 14.Nxe4 Na6 15.Bg5
Qe5 16.Rae1 Nc5 17.Nxc5 Qxg5 18.Ne6 Bxe6 19.Rxe6 Rf7 20.Rxd6 Qc5 21.Rd2 a5
22.Qd3 a4 23.Be4 Bf6 24.Qe2 a3 25.b3 Rd8 26.Rxd8+ Bxd8 27.Kg2 Bf6 28.Rd1
Kg7 29.h4 Re7 30.f3 Qe5 31.Rd2 Qc3 32.Qd1 Qe5 33.Kh3 Qe6+ 34.Kg2 Qe5 35.
Rd3 Qc5 36.Rd7 Rxd7 37.Qxd7+ Qe7 38.Qc8 Bd4 39.Kh3 Bc5 40.h5 Bd6 41.Qg4
Qf6 42.hxg6 hxg6 43.f4 Kf7 44.Bd3 Kg7 45.Kg2 Bc5 46.Qc8 Qb2+ 47.Kh3 Bg1
48.Kg4 Qh2 49.Qc7+ Kh6 50.Qe5 Qh5+ 51.Qxh5+ gxh5+ 52.Kh4 Bd4 53.Be2 Bf6+
54.Kh3 c5 55.Kg2 Bd4 56.Kf3 Kg6 57.Bd3+ Kf6 58.Be4 b6 59.Bc6 Kf7 60.Bd7
Bc3 61.Ke2 Ba5 62.Bc8 Bc3 63.Kf3 Be1 1/2-1/2

[Event "29th olm final"]
[Site "Novi Sad"]
[Date "1990.11.26"]
[Round "9.2"]
[White "El-Taher, Fouad"]
[Black "Hansen, Lars Bo"]
[Result "1/2-1/2"]
[WhiteElo "2375"]
[BlackElo "2500"]
[EventDate "1990.11.16"]
[WhiteTeam "Egypt"]
[BlackTeam "Denmark"]
[PlyCount "29"]

1.e4 e6 2.d3 d5 3.Nd2 Nf6 4.Ngf3 b6 5.e5 Nfd7 6.g3 Be7 7.Bg2 Bb7 8.O-O O-O
9.Re1 c5 10.h4 Nc6 11.Nf1 Re8 12.N1h2 Bf8 13.Ng4 f5 14.exf6 gxf6 15.Nh6+
1/2-1/2

[Event "29th olm final"]
[Site "Novi Sad"]
[Date "1990.11.26"]
[Round "9.3"]
[White "Mortensen, Erling"]
[Black "Khaled Fikry, Mahdi"]
[Result "1-0"]
[WhiteElo "2485"]
[BlackElo "2350"]
[EventDate "1990.11.16"]
[WhiteTeam "Denmark"]
[BlackTeam "Egypt"]
[PlyCount "103"]

1.e4 e5 2.Nf3 Nc6 3.Bb5 a6 4.Ba4 b5 5.Bb3 Bc5 6.c3 d6 7.d4 exd4 8.cxd4 Bb6
9.h3 h6 10.Nc3 Na5 11.Bc2 Ne7 12.O-O O-O 13.d5 Ng6 14.Ne2 Nc4 15.Ng3 Nh4
16.Nxh4 Qxh4 17.Kh2 Ne5 18.f3 Re8 19.b3 Bd7 20.Bd2 Rac8 21.Rc1 a5 22.Be1
Qf4 23.Bd2 Qh4 24.Be1 Qf4 25.Kh1 Qf6 26.Nh5 Qg6 27.Nf4 Qf6 28.Nd3 c6 29.
dxc6 Nxc6 30.Bb1 Rxe4 31.Bxa5 Bxh3 32.Bxb6 Rh4 33.Nf2 Bd7+ 34.Kg1 Qf4 35.
Ne4 Qh2+ 36.Kf2 Qe5 37.Rh1 Rxh1 38.Qxh1 f5 39.Nd2 Nd4 40.Rxc8+ Bxc8 41.Qe1
Qxe1+ 42.Kxe1 Ne6 43.Kf2 g6 44.Be3 Kg7 45.g3 Nc7 46.Bd3 b4 47.f4 Bb7 48.
Ke1 Nd5 49.Bf2 Kf8 50.Nc4 Ke7 51.Bd4 h5 52.Ne3 1-0

[Event "29th olm final"]
[Site "Novi Sad"]
[Date "1990.11.26"]
[Round "9.4"]
[White "Yassin, Aly"]
[Black "Berg, Klaus"]
[Result "1-0"]
[WhiteElo "2325"]
[BlackElo "2445"]
[EventDate "1990.11.16"]
[WhiteTeam "Egypt"]
[BlackTeam "Denmark"]
[PlyCount "75"]

1.e4 e6 2.d4 d5 3.Nd2 Nf6 4.e5 Ne4 5.Bd3 Nxd2 6.Bxd2 c5 7.c3 Nc6 8.Ne2 Qb6
9.O-O Bd7 10.Kh1 cxd4 11.cxd4 Nb4 12.Bxb4 Bxb4 13.f4 g6 14.g4 Be7 15.f5
Bg5 16.a4 Qxb2 17.Rb1 Qa2 18.Rxb7 Bxa4 19.Nc3 Bxd1 20.Bb5+ Kd8 21.Nxa2 a6
22.Bd7 Be2 23.Rf2 Bb5 24.fxe6 fxe6 25.Bxe6 Be3 26.Rff7 Be8 27.Nb4 Bxd4 28.
Bxd5 Rc8 29.e6 Bxf7 30.exf7 Rc5 31.Nc6+ Kc8 32.Rb8+ Kc7 33.Rxh8 Rc1+ 34.
Kg2 Rc2+ 35.Kg3 Bc5 36.f8=Q Bxf8 37.Rxf8 Rc3+ 38.Bf3 1-0

[Event "29th olm final"]
[Site "Novi Sad"]
[Date "1990.11.27"]
[Round "10.1"]
[White "Yilmaz, Turhan"]
[Black "Hansen, Lars Bo"]
[Result "1/2-1/2"]
[WhiteElo "2370"]
[BlackElo "2500"]
[EventDate "1990.11.16"]
[WhiteTeam "Turkey"]
[BlackTeam "Denmark"]
[PlyCount "91"]

1.e4 e6 2.d4 d5 3.e5 c5 4.c3 Nc6 5.Nf3 Bd7 6.a3 c4 7.g3 Na5 8.Nbd2 Bc6 9.
Qc2 h6 10.h4 Qd7 11.a4 O-O-O 12.h5 Kb8 13.Be2 Nb3 14.Nxb3 Bxa4 15.Nfd2
cxb3 16.Qd3 Ne7 17.Bd1 Nc8 18.Nxb3 Bb5 19.Qf3 Qe8 20.Be2 Bxe2 21.Qxe2 Be7
22.Kf1 g5 23.Kg2 Qc6 24.Na5 Qc7 25.Bd2 Rde8 26.Rhc1 f6 27.c4 fxe5 28.dxe5
dxc4 29.Rxc4 Qd7 30.Be3 Rd8 31.Kg1 Nb6 32.Bxb6 axb6 33.Nc6+ bxc6 34.Rca4
Qb7 35.Ra8+ Qxa8 36.Rxa8+ Kxa8 37.Qa6+ Kb8 38.Qxb6+ Ka8 39.Qxc6+ Kb8 40.
Qb6+ Ka8 41.Qxe6 Rde8 42.Qa6+ Kb8 43.Qb6+ Ka8 44.Qa6+ Kb8 45.Qb6+ Ka8 46.
Qa6+ 1/2-1/2

[Event "29th olm final"]
[Site "Novi Sad"]
[Date "1990.11.27"]
[Round "10.2"]
[White "Mortensen, Erling"]
[Black "Arduman, Can"]
[Result "0-1"]
[WhiteElo "2485"]
[BlackElo "2375"]
[EventDate "1990.11.16"]
[WhiteTeam "Denmark"]
[BlackTeam "Turkey"]
[PlyCount "154"]

1.e4 d6 2.d4 Nf6 3.Nc3 g6 4.f4 Bg7 5.Nf3 O-O 6.Bd3 Nc6 7.O-O Bg4 8.e5 Nd7
9.Be3 dxe5 10.dxe5 Nb6 11.h3 Be6 12.Bc5 Nc4 13.Qc1 Bh6 14.Re1 Qc8 15.Re4
Nb6 16.Qe1 Bf5 17.Qh4 Bg7 18.Re3 Bxd3 19.Rxd3 Re8 20.Re1 Nd7 21.Ba3 Nb6
22.b3 a5 23.e6 f6 24.f5 g5 25.Qe4 Rd8 26.Red1 Rxd3 27.Rxd3 Qe8 28.Bc5 Rd8
29.Bxb6 Rxd3 30.Qxd3 cxb6 31.Nd5 Qd8 32.g4 Qd6 33.Kg2 Qa3 34.Nc3 Qb2 35.
Ne4 h5 36.Nf2 hxg4 37.hxg4 Qc1 38.c3 Qb2 39.Qd2 Qa3 40.Ne4 b5 41.Kg3 b4
42.cxb4 axb4 43.Kh3 Qa7 44.Kg2 Bf8 45.Kf1 Qb8 46.Qh2 Qd8 47.Qd2 Qb8 48.Ke1
Qa7 49.Kd1 Qa6 50.Qe2 Qa5 51.Kc1 Qc7 52.Qh2 Ne5+ 53.Kb1 Qd8 54.Qe2 Nxg4
55.Nfxg5 fxg5 56.Qxg4 Qd3+ 57.Kc1 Bg7 58.Nd2 Qe3 59.Kc2 Bc3 60.Ne4 Kf8 61.
a3 Be5 62.axb4 Bf4 63.Qg2 Qc1+ 64.Kd3 Qc6 65.Ke2 Qb5+ 66.Kf3 Qxf5 67.Qg4
Qd5 68.Qh3 Kg7 69.Qg2 Qxb3+ 70.Kg4 Qxe6+ 71.Kh5 Qf5 72.Qb2+ Kf7 73.Qg2 e6
74.Nxg5+ Bxg5 75.Qxg5 Qh3+ 76.Qh4 Qxh4+ 77.Kxh4 Kf6 0-1